[Event "Swiss Queens Wed #31"]
[Site "FIDE Online Arena INT"]
[Date "2024.08.28"]
[Round "6"]
[White "Narahari, Akshaya"]
[Black "Nevska, Gerda"]
[Result "1-0"]
[WhiteElo "1584"]
[BlackElo "1892"]
[PlyCount "61"]
[EventDate "2024.08.28"]
[EventType "swiss (blitz)"]
[EventRounds "11"]
[EventCountry "NET"]
[SourceTitle "CB36_2024"]
[SourceDate "2024.09.04"]
[SourceVersion "1"]
[SourceVersionDate "2024.09.04"]
[SourceQuality "1"]

1. e4 Nc6 2. d4 e5 3. d5 Nce7 4. Nf3 Nf6 5. Nxe5 d6 6. Bb5+ Bd7 7. Nxd7 Nxd7 8. Be3 Ng6 9. c3 Be7 10. 0-0 0-0 11. Nd2 a6 12. Ba4 b5 13. Bc2 Re8 14. Kh1 Bf6 15. f4 Nc5 16. Bxc5 dxc5 17. e5 Bh4 18. Ne4 Qc8 19. Nxc5 c6 20. d6 Nxe5 21. fxe5 Rxe5 22. Qd3 Rh5 23. Bb3 Bf6 24. Ne4 Qd8 25. Nxf6+ gxf6 26. Rad1 f5 27. Rxf5 Rh6 28. Qg3+ Rg6 29. Qf3 Qd7 30. Rxf7 Kh8 31. Rxd7 1-0

[Event "Swiss Queens Wed #31"]
[Site "FIDE Online Arena INT"]
[Date "2024.08.28"]
[Round "2"]
[White "Nevska, Gerda"]
[Black "Pogorelskikh, Sofia"]
[Result "0-1"]
[WhiteElo "1892"]
[BlackElo "2176"]
[PlyCount "44"]
[EventDate "2024.08.28"]
[EventType "swiss (blitz)"]
[EventRounds "11"]
[EventCountry "NET"]
[SourceTitle "CB36_2024"]
[SourceDate "2024.09.04"]
[SourceVersion "1"]
[SourceVersionDate "2024.09.04"]
[SourceQuality "1"]

1. c4 g6 2. Nc3 Bg7 3. g3 c5 4. Bg2 Nc6 5. e4 e6 6. Nge2 Nge7 7. 0-0 0-0 8. d3 d6 9. h3 Rb8 10. Rb1 a6 11. f4 b5 12. b3 b4 13. Na4 Nd4 14. Bb2 Nec6 15. Kh2 Bd7 16. g4 Nxe2 17. Qxe2 Nd4 18. Bxd4 Bxd4 19. f5 Qh4 20. Nb2 Be5+ 21. Kh1 Qg3 22. Qf3 Qh2# 0-1

[Event "Swiss Queens Wed #31"]
[Site "FIDE Online Arena INT"]
[Date "2024.08.28"]
[Round "8"]
[White "Zhuravleva, Olga"]
[Black "Nevska, Gerda"]
[Result "1-0"]
[WhiteElo "2278"]
[BlackElo "1892"]
[PlyCount "53"]
[EventDate "2024.08.28"]
[EventType "swiss (blitz)"]
[EventRounds "11"]
[EventCountry "NET"]
[SourceTitle "CB36_2024"]
[SourceDate "2024.09.04"]
[SourceVersion "1"]
[SourceVersionDate "2024.09.04"]
[SourceQuality "1"]

1. e4 Nc6 2. Nf3 e5 3. Bc4 a6 4. d4 exd4 5. Nxd4 Nxd4 6. Qxd4 Qf6 7. e5 Qc6 8. 0-0 Bc5 9. Qf4 Qg6 10. Nc3 b5 11. Bd3 Qe6 12. Qg3 Ne7 13. Qxg7 Rg8 14. Qh6 Rxg2+ 15. Kxg2 Qg4+ 16. Kh1 Bb7+ 17. Be4 Bxe4+ 18. Nxe4 Qxe4+ 19. f3 Qxc2 20. Bg5 0-0-0 21. Qxa6+ Kb8 22. Qxb5+ Bb6 23. Bxe7 Rg8 24. Rg1 Rxg1+ 25. Rxg1 Qf2 26. Rg8+ Kb7 27. Qd5+ 1-0

[Event "Swiss Queens Wed #30"]
[Site "FIDE Online Arena INT"]
[Date "2024.08.21"]
[Round "4"]
[White "Bashirli, Saadat"]
[Black "Nevska, Gerda"]
[Result "1-0"]
[WhiteElo "1894"]
[BlackElo "1892"]
[PlyCount "71"]
[EventDate "2024.08.21"]
[EventType "swiss (blitz)"]
[EventRounds "11"]
[EventCountry "NET"]
[SourceTitle "CB35_2024"]
[SourceDate "2024.08.28"]
[SourceVersion "1"]
[SourceVersionDate "2024.08.28"]
[SourceQuality "1"]

1. d4 Nc6 2. e3 e5 3. c3 Nf6 4. Bd3 a5 5. Nd2 d5 6. Ne2 e4 7. Bc2 Bd6 8. 0-0 0-0 9. Ng3 Ne7 10. f3 Bxg3 11. hxg3 Qd6 12. f4 Bg4 13. Qe1 Nf5 14. c4 c6 15. b3 Bh5 16. a4 Qe6 17. cxd5 cxd5 18. Nb1 Rac8 19. Ra2 Ng4 20. Bd2 Qg6 21. Bd1 Rc6 22. Nc3 Ngxe3 23. Bxe3 Bxd1 24. Nxd1 Nxg3 25. f5 Nxf5 26. Qf2 Nxe3 27. Nxe3 Rf6 28. Nxd5 Re6 29. Nf4 Qf5 30. Nxe6 Qxe6 31. Qe3 Rc8 32. Re2 h6 33. Qxe4 Qb6 34. Qf4 Qxb3 35. Rf3 Kh8 36. Rxb3 1-0

[Event "Swiss Queens Wed #30"]
[Site "FIDE Online Arena INT"]
[Date "2024.08.21"]
[Round "1"]
[White "Nevska, Gerda"]
[Black "Maltsevskaya, Aleksandra"]
[Result "0-1"]
[WhiteElo "1892"]
[BlackElo "2404"]
[PlyCount "48"]
[EventDate "2024.08.21"]
[EventType "swiss (blitz)"]
[EventRounds "11"]
[EventCountry "NET"]
[SourceTitle "CB35_2024"]
[SourceDate "2024.08.28"]
[SourceVersion "1"]
[SourceVersionDate "2024.08.28"]
[SourceQuality "1"]

1. e4 c6 2. d4 d5 3. f3 e6 4. Nc3 Bb4 5. Bd3 Ne7 6. Nge2 c5 7. 0-0 Nbc6 8. Be3 cxd4 9. Nxd4 Bc5 10. exd5 Bxd4 11. Bxd4 Nxd4 12. dxe6 Bxe6 13. Re1 0-0 14. Ne4 Qb6 15. Kh1 h6 16. c3 Ndf5 17. Qc2 Rfd8 18. b4 Rac8 19. Nc5 Qd6 20. Rad1 Qf4 21. Nxe6 fxe6 22. Rxe6 Ne3 23. Rxe3 Qxe3 24. Bc4+ Kh8 0-1

[Event "Swiss Queens Wed #30"]
[Site "FIDE Online Arena INT"]
[Date "2024.08.21"]
[Round "6"]
[White "Nevska, Gerda"]
[Black "Vonti, Sri Guruvarshini"]
[Result "0-1"]
[WhiteElo "1892"]
[BlackElo "1443"]
[PlyCount "56"]
[EventDate "2024.08.21"]
[EventType "swiss (blitz)"]
[EventRounds "11"]
[EventCountry "NET"]
[SourceTitle "CB35_2024"]
[SourceDate "2024.08.28"]
[SourceVersion "1"]
[SourceVersionDate "2024.08.28"]
[SourceQuality "1"]

1. c4 Nf6 2. Nc3 e6 3. e4 d5 4. e5 Ng8 5. d4 Bb4 6. cxd5 Qxd5 7. Bd2 Qxd4 8. Nf3 Qd8 9. Qa4+ Nc6 10. Bb5 Bxc3 11. Bxc3 Bd7 12. Rd1 Nge7 13. 0-0 0-0 14. Bd3 a6 15. Qg4 b5 16. Ng5 h6 17. Ne4 b4 18. Bd2 Nxe5 19. Nf6+ Kh8 20. Qh3 Nxd3 21. Bxh6 Nf5 22. Nxd7 Qxd7 23. Rxd3 Qb5 24. Bg5+ Kg8 25. Rf3 Nd4 26. Rg3 Ne2+ 27. Kh1 Nxg3+ 28. Qxg3 Qxf1# 0-1

[Event "Swiss Queens Wed #29"]
[Site "FIDE Online Arena INT"]
[Date "2024.08.14"]
[Round "1"]
[White "Garifullina, Leya"]
[Black "Nevska, Gerda"]
[Result "1-0"]
[WhiteElo "2449"]
[BlackElo "1892"]
[PlyCount "27"]
[EventDate "2024.08.14"]
[EventType "swiss (blitz)"]
[EventRounds "11"]
[EventCountry "NET"]
[SourceTitle "CB34_2024"]
[SourceDate "2024.08.21"]
[SourceVersion "1"]
[SourceVersionDate "2024.08.21"]
[SourceQuality "1"]

1. e4 e5 2. Nf3 Nc6 3. Bb5 Nf6 4. d3 Ne7 5. Bc4 d6 6. 0-0 Bg4 7. h3 Bh5 8. Bg5 h6 9. Bxf6 gxf6 10. Nbd2 Rg8 11. Kh1 Qd7 12. Nxe5 Bxd1 13. Nxd7 Bxc2 14. Nxf6+ 1-0

[Event "Swiss Queens Wed #29"]
[Site "FIDE Online Arena INT"]
[Date "2024.08.14"]
[Round "5"]
[White "Kairbekova, Amina"]
[Black "Nevska, Gerda"]
[Result "1-0"]
[WhiteElo "2247"]
[BlackElo "1892"]
[PlyCount "81"]
[EventDate "2024.08.14"]
[EventType "swiss (blitz)"]
[EventRounds "11"]
[EventCountry "NET"]
[SourceTitle "CB34_2024"]
[SourceDate "2024.08.21"]
[SourceVersion "1"]
[SourceVersionDate "2024.08.21"]
[SourceQuality "1"]

1. e4 e5 2. Nf3 Nc6 3. Nc3 Nf6 4. h3 Bc5 5. Nxe5 Bxf2+ 6. Kxf2 Nxe5 7. d4 Ng6 8. Bc4 h6 9. Rf1 0-0 10. e5 d5 11. exf6 dxc4 12. fxg7 Kxg7 13. Kg1 c6 14. Qh5 Rh8 15. Be3 Be6 16. d5 cxd5 17. Bd4+ Kh7 18. Bxh8 Qxh8 19. Rad1 a6 20. Nxd5 Qxb2 21. Kh1 Qe5 22. Qxe5 Nxe5 23. Nc7 Rg8 24. Nxe6 fxe6 25. Rde1 Rg5 26. Rf6 Kg7 27. Rxe6 Ng6 28. Rb6 Rb5 29. Rxb5 axb5 30. Rb1 Kf7 31. Rxb5 Nf4 32. Rxb7+ Ke6 33. Rb6+ Kd5 34. Rxh6 Kd4 35. Rc6 Nd5 36. h4 Ne3 37. h5 Kc3 38. h6 Kxc2 39. h7 c3 40. h8Q Kb2 41. Qxc3+ 1-0

[Event "Swiss Queens Wed #29"]
[Site "FIDE Online Arena INT"]
[Date "2024.08.14"]
[Round "6"]
[White "Nevska, Gerda"]
[Black "Yurukova, Ginka"]
[Result "0-1"]
[WhiteElo "1892"]
[BlackElo "1638"]
[PlyCount "64"]
[EventDate "2024.08.14"]
[EventType "swiss (blitz)"]
[EventRounds "11"]
[EventCountry "NET"]
[SourceTitle "CB34_2024"]
[SourceDate "2024.08.21"]
[SourceVersion "1"]
[SourceVersionDate "2024.08.21"]
[SourceQuality "1"]

1. c4 c6 2. Nf3 Nf6 3. g3 d5 4. cxd5 cxd5 5. d4 Nc6 6. Bg2 Bf5 7. Bf4 e6 8. 0-0 Bd6 9. Ne5 0-0 10. Nxc6 bxc6 11. Bxd6 Qxd6 12. Nc3 Rab8 13. b3 h6 14. Rc1 Rfc8 15. Re1 c5 16. dxc5 Rxc5 17. Na4 Rxc1 18. Qxc1 e5 19. Rd1 Be4 20. Qd2 Bxg2 21. Kxg2 d4 22. Qa5 Qc6+ 23. Kg1 Qc2 24. Rd2 Qc1+ 25. Kg2 Ne4 26. Qxa7 Nxd2 27. Qxb8+ Kh7 28. Kh3 Qf1+ 29. Kg4 Qxe2+ 30. Kh3 Ne4 31. Qc8 Nxf2+ 32. Kh4 g5# 0-1

[Event "Swiss Queens Wed #26"]
[Site "FIDE Online Arena INT"]
[Date "2024.07.25"]
[Round "1"]
[White "Gunina, Valentina"]
[Black "Nevska, Gerda"]
[Result "1-0"]
[WhiteElo "2435"]
[BlackElo "1872"]
[PlyCount "71"]
[EventDate "2024.07.25"]
[EventType "swiss (blitz)"]
[EventRounds "11"]
[EventCountry "NET"]
[SourceTitle "CB31_2024"]
[SourceDate "2024.07.31"]
[SourceVersion "1"]
[SourceVersionDate "2024.07.31"]
[SourceQuality "1"]

1. d4 Nf6 2. c4 e6 3. Nf3 a6 4. Nc3 d5 5. c5 b6 6. cxb6 cxb6 7. Bf4 Nbd7 8. e3 Nh5 9. Bg5 Be7 10. Bxe7 Qxe7 11. Bd3 0-0 12. 0-0 Bb7 13. Rc1 Nhf6 14. Qb3 Rac8 15. h3 Rfd8 16. a3 b5 17. a4 b4 18. Ne2 a5 19. Bb5 Nf8 20. Nf4 Ne4 21. Nd3 Ng6 22. Rfd1 Nd6 23. Nc5 Ne4 24. Nxb7 Qxb7 25. Qd3 Rc7 26. Qe2 Rdc8 27. Ba6 Rxc1 28. Bxb7 Rxd1+ 29. Qxd1 Rc7 30. Ba6 h6 31. Bd3 Nf6 32. Bxg6 fxg6 33. Ne5 Kh7 34. f3 Nd7 35. Nxd7 Rxd7 36. Qc2 1-0

[Event "Swiss Queens Wed #26"]
[Site "FIDE Online Arena INT"]
[Date "2024.07.25"]
[Round "3"]
[White "Shanmathi Sree, S."]
[Black "Nevska, Gerda"]
[Result "1-0"]
[WhiteElo "1903"]
[BlackElo "1872"]
[PlyCount "141"]
[EventDate "2024.07.25"]
[EventType "swiss (blitz)"]
[EventRounds "11"]
[EventCountry "NET"]
[SourceTitle "CB31_2024"]
[SourceDate "2024.07.31"]
[SourceVersion "1"]
[SourceVersionDate "2024.07.31"]
[SourceQuality "1"]

1. e4 c5 2. Nf3 a6 3. d4 cxd4 4. Nxd4 e5 5. Nc3 exd4 6. Qxd4 Nc6 7. Qd1 Bb4 8. Bd2 Qe7 9. Bd3 Nf6 10. 0-0 0-0 11. Nd5 Nxd5 12. exd5 Bxd2 13. Qxd2 Nb4 14. Be2 Qc5 15. c3 Nxd5 16. b4 Qxc3 17. Qxd5 Qxb4 18. Bc4 d6 19. Qd3 b5 20. Bd5 Rb8 21. Rab1 Qg4 22. h3 Qg5 23. Be4 h6 24. Qxd6 Bb7 25. Bxb7 Rxb7 26. Qxa6 Re7 27. Qxb5 Qd2 28. a4 Rfe8 29. a5 Re5 30. Qc6 Qxa5 31. Rb7 Qd5 32. Qc7 R8e7 33. Qxe7 Rxe7 34. Rxe7 Kh7 35. Rfe1 f5 36. R7e5 Qd3 37. R1e3 Qd1+ 38. Re1 Qc2 39. Re7 f4 40. f3 Qc5+ 41. Kh1 h5 42. R7e5 Qf2 43. Rxh5+ Kg6 44. Rhe5 Kh7 45. R5e2 Qg3 46. Re4 Kg6 47. Rd1 Kh6 48. Rd6+ g6 49. Rd1 Kg5 50. Rd5+ Kh6 51. Rd6 Qf2 52. Ree6 Qf1+ 53. Kh2 Qf2 54. Rxg6+ Kh7 55. Rg4 Qe3 56. Rd7+ Kh6 57. Rd6+ Kh7 58. Rf6 Qe5 59. Rfxf4 Kh6 60. Kg3 Kh5 61. Rh4+ Kg5 62. Rhg4+ Kh5 63. h4 Qe1+ 64. Kh3 Qe5 65. Rg5+ Qxg5 66. hxg5 Kxg5 67. Ra4 Kf5 68. g4+ Kg6 69. Ra5 Kf6 70. g5+ Kg6 71. f4 1-0

[Event "Swiss Queens Wed #25"]
[Site "FIDE Online Arena INT"]
[Date "2024.07.17"]
[Round "8"]
[White "Kordzadze, Nino"]
[Black "Nevska, Gerda"]
[Result "1-0"]
[WhiteElo "2011"]
[BlackElo "1872"]
[PlyCount "87"]
[EventDate "2024.07.17"]
[EventType "swiss (blitz)"]
[EventRounds "11"]
[EventCountry "NET"]
[SourceTitle "CB30_2024"]
[SourceDate "2024.07.24"]
[SourceVersion "1"]
[SourceVersionDate "2024.07.24"]
[SourceQuality "1"]

1. d4 Nc6 2. Nf3 d6 3. e4 e5 4. Bb5 Bd7 5. Bxc6 bxc6 6. dxe5 dxe5 7. Nxe5 Qe7 8. Nxd7 Qxe4+ 9. Be3 0-0-0 10. Nc3 Qxg2 11. Rf1 Bb4 12. Qe2 Rxd7 13. Qa6+ Kd8 14. Qxa7 Qf3 15. Qb8+ Ke7 16. Qxb4+ Ke8 17. Qe4+ Qxe4 18. Nxe4 Ne7 19. Rd1 Nd5 20. Ke2 Re7 21. Nc5 f5 22. Kf3 h6 23. a3 g5 24. Bd4 Rf8 25. Rde1 h5 26. Rxe7+ Kxe7 27. Re1+ Kf7 28. Ne6 Rg8 29. a4 g4+ 30. Kg2 Re8 31. Ng5+ Kf8 32. Bc5+ Ne7 33. a5 f4 34. a6 Kg8 35. Rxe7 Ra8 36. a7 Rd8 37. Ne6 f3+ 38. Kg3 h4+ 39. Kxh4 Rc8 40. Rxc7 Re8 41. Rg7+ Kh8 42. Bd4 Rxe6 43. a8Q+ Re8 44. Qxe8# 1-0

[Event "Swiss Queens Wed #25"]
[Site "FIDE Online Arena INT"]
[Date "2024.07.17"]
[Round "10"]
[White "Nevska, Gerda"]
[Black "Blinova, Sofia"]
[Result "0-1"]
[WhiteElo "1872"]
[BlackElo "1727"]
[PlyCount "66"]
[EventDate "2024.07.17"]
[EventType "swiss (blitz)"]
[EventRounds "11"]
[EventCountry "NET"]
[SourceTitle "CB30_2024"]
[SourceDate "2024.07.24"]
[SourceVersion "1"]
[SourceVersionDate "2024.07.24"]
[SourceQuality "1"]

1. e4 c6 2. d4 d5 3. f3 Qa5+ 4. Bd2 Qb6 5. Nc3 Qxd4 6. exd5 cxd5 7. Bb5+ Bd7 8. Bxd7+ Nxd7 9. Nge2 Qe5 10. 0-0 Ngf6 11. Re1 e6 12. Bf4 Bc5+ 13. Kh1 Qf5 14. Qd2 0-0 15. Ng3 Qg6 16. a3 Rfe8 17. b4 Bb6 18. Nce2 e5 19. Bg5 h6 20. Bxf6 Nxf6 21. f4 Ng4 22. f5 Nf2+ 23. Kg1 Qc6 24. Kf1 Ng4 25. Nc3 Nxh2+ 26. Ke2 Qc4+ 27. Kd1 Ng4 28. Na4 Bf2 29. Nb2 Qc6 30. Nh5 Bxe1 31. Qe2 Qc3 32. Qxe1 Ne3+ 33. Kc1 Qxc2# 0-1

[Event "Swiss Queens Wed #25"]
[Site "FIDE Online Arena INT"]
[Date "2024.07.17"]
[Round "3"]
[White "Nevska, Gerda"]
[Black "Preobrazhenskaya, Diana"]
[Result "0-1"]
[WhiteElo "1872"]
[BlackElo "2023"]
[PlyCount "72"]
[EventDate "2024.07.17"]
[EventType "swiss (blitz)"]
[EventRounds "11"]
[EventCountry "NET"]
[SourceTitle "CB30_2024"]
[SourceDate "2024.07.24"]
[SourceVersion "1"]
[SourceVersionDate "2024.07.24"]
[SourceQuality "1"]

1. e4 c5 2. Nf3 d6 3. a3 Nf6 4. Nc3 a6 5. Bc4 e6 6. 0-0 Be7 7. d4 cxd4 8. Nxd4 0-0 9. f4 Qc7 10. Ba2 Nc6 11. f5 d5 12. Bf4 Qb6 13. Be3 Nxd4 14. Bxd4 Bc5 15. Bxc5 Qxc5+ 16. Kh1 d4 17. Na4 Qe5 18. Nb6 Rb8 19. Nxc8 Rbxc8 20. fxe6 fxe6 21. Qd3 Nxe4 22. Rae1 Nf2+ 23. Kg1 Nxd3 24. Rxf8+ Rxf8 25. Bxe6+ Kh8 26. Rxe5 Nxe5 27. Bd5 Rc8 28. Bxb7 Rxc2 29. Be4 Rxb2 30. a4 d3 31. Kf1 Rb1+ 32. Kf2 Rb4 33. Bf3 Nxf3 34. gxf3 d2 35. Ke2 Rd4 36. Kd1 g5 0-1

[Event "Swiss Queens Wed #25"]
[Site "FIDE Online Arena INT"]
[Date "2024.07.17"]
[Round "4"]
[White "Sriiyukthaa, Marksim Karki Abira"]
[Black "Nevska, Gerda"]
[Result "0-1"]
[WhiteElo "1484"]
[BlackElo "1872"]
[PlyCount "72"]
[EventDate "2024.07.17"]
[EventType "swiss (blitz)"]
[EventRounds "11"]
[EventCountry "NET"]
[SourceTitle "CB30_2024"]
[SourceDate "2024.07.24"]
[SourceVersion "1"]
[SourceVersionDate "2024.07.24"]
[SourceQuality "1"]

1. d4 c6 2. c4 g6 3. e4 Bg7 4. Nf3 a6 5. a4 d6 6. Bf4 Bg4 7. Be2 Nf6 8. Nc3 0-0 9. h3 Bd7 10. 0-0 a5 11. Rc1 Na6 12. Na2 Rb8 13. b3 b5 14. cxb5 cxb5 15. axb5 Bxb5 16. e5 Nd5 17. Bxb5 Rxb5 18. Bh2 dxe5 19. dxe5 e6 20. Qe2 Qb6 21. Nd4 Rc5 22. Rxc5 Nxc5 23. Rb1 Rb8 24. Qd1 Ne4 25. f3 Nec3 26. Nxc3 Nxc3 27. Qc2 Nxb1 28. Qxb1 Qxd4+ 29. Kh1 Bxe5 30. Bxe5 Qxe5 31. Qa2 Qc3 32. Qxa5 Qxa5 33. Kh2 Qe5+ 34. g3 Rxb3 35. f4 Qe2+ 36. Kh1 Rb1# 0-1

[Event "Swiss Queens Wed #24"]
[Site "FIDE Online Arena INT"]
[Date "2024.07.10"]
[Round "8.68"]
[White "Nevska, Gerda"]
[Black "Bulatova, Kamaliya"]
[Result "0-1"]
[WhiteElo "1872"]
[BlackElo "2091"]
[PlyCount "52"]
[EventDate "2024.07.10"]
[EventType "swiss (blitz)"]
[EventRounds "11"]
[EventCountry "NET"]
[SourceTitle "CB29_2024"]
[SourceDate "2024.05.01"]
[SourceVersion "1"]
[SourceVersionDate "2024.05.01"]
[SourceQuality "1"]

1. e4 Nf6 2. Nc3 d6 3. a3 e5 4. Bc4 g6 5. Nf3 Bg7 6. 0-0 0-0 7. h3 c6 8. d4 exd4 9. Nxd4 Nbd7 10. f4 Nc5 11. e5 dxe5 12. fxe5 Nh5 13. Be3 Bxe5 14. Nxc6 Qc7 15. Bxc5 Bh2+ 16. Kf2 Qg3+ 17. Ke2 bxc6 18. Bxf8 Bf5 19. Bd6 Qxg2+ 20. Rf2 Re8+ 21. Kd2 Qxf2+ 22. Ne2 Bxd6 23. Kc1 Bc5 24. b4 Bb6 25. Kb1 Ng3 26. Nxg3 Re1 0-1

[Event "Swiss Queens Wed #24"]
[Site "FIDE Online Arena INT"]
[Date "2024.07.10"]
[Round "6.109"]
[White "Vonti, Sri Guruvarshini"]
[Black "Nevska, Gerda"]
[Result "0-1"]
[WhiteElo "1447"]
[BlackElo "1872"]
[PlyCount "66"]
[EventDate "2024.07.10"]
[EventType "swiss (blitz)"]
[EventRounds "11"]
[EventCountry "NET"]
[SourceTitle "CB29_2024"]
[SourceDate "2024.05.01"]
[SourceVersion "1"]
[SourceVersionDate "2024.05.01"]
[SourceQuality "1"]

1. d4 Nc6 2. c4 e5 3. Nf3 e4 4. Nfd2 Nxd4 5. Nxe4 Bb4+ 6. Nbc3 Ne6 7. Bd2 Nf6 8. e3 0-0 9. Bd3 c6 10. 0-0 d5 11. Nxf6+ Qxf6 12. cxd5 Bxc3 13. Bxc3 Qg5 14. dxe6 Bxe6 15. Qf3 Rad8 16. Bc2 Bd5 17. Qg3 Qh6 18. Rfd1 Rfe8 19. Rd4 g5 20. Rh4 Qxh4 21. Qxh4 gxh4 22. Bf6 Rd6 23. Bxh4 a5 24. Bg3 Rd7 25. Rd1 Rde7 26. Rd4 f6 27. Bh4 Kf7 28. Rf4 Re6 29. Bxh7 Rh8 30. Bf5 Rd6 31. Bg3 Be6 32. Bxe6+ Kxe6 33. Bh4 Rd1# 0-1

[Event "Swiss Queens Wed #23"]
[Site "FIDE Online Arena INT"]
[Date "2024.07.03"]
[Round "11"]
[White "Vonti, Sri Guruvarshini"]
[Black "Nevska, Gerda"]
[Result "0-1"]
[WhiteElo "1447"]
[BlackElo "1872"]
[PlyCount "38"]
[EventDate "2024.07.03"]
[EventType "swiss (blitz)"]
[EventRounds "11"]
[EventCountry "NET"]
[SourceTitle "CB28_2024"]
[SourceDate "2024.07.10"]
[SourceVersion "1"]
[SourceVersionDate "2024.07.10"]
[SourceQuality "1"]

1. d4 Nc6 2. c4 e5 3. Nf3 e4 4. Nfd2 Nxd4 5. Nxe4 Bb4+ 6. Nbc3 Ne6 7. Bd2 h6 8. e3 Nf6 9. Nxf6+ Qxf6 10. Be2 0-0 11. 0-0 Bd6 12. Nd5 Qh4 13. h3 Ng5 14. Bc3 c6 15. Nf4 Bxf4 16. Qd4 Ne6 17. Qe4 Bh2+ 18. Kxh2 Qxe4 19. Bf3 Qxc4 0-1

[Event "Swiss Queens Wed #21"]
[Site "FIDE Online Arena INT"]
[Date "2024.06.21"]
[Round "5"]
[White "Saranya, Devi Narahari"]
[Black "Nevska, Gerda"]
[Result "1-0"]
[WhiteElo "1666"]
[BlackElo "1872"]
[PlyCount "61"]
[EventDate "2024.06.21"]
[EventType "swiss (blitz)"]
[EventRounds "11"]
[EventCountry "NET"]
[SourceTitle "CB26_2024"]
[SourceDate "2024.06.26"]
[SourceVersion "1"]
[SourceVersionDate "2024.06.26"]
[SourceQuality "1"]

1. e4 Nc6 2. d4 e5 3. d5 Nce7 4. c4 Nf6 5. Nc3 Ng6 6. Nf3 Bc5 7. Be3 Bxe3 8. fxe3 0-0 9. Be2 d6 10. 0-0 Bg4 11. h3 Bxf3 12. Bxf3 h6 13. Ne2 Nh4 14. Ng3 Nxf3+ 15. Qxf3 a5 16. Nf5 Kh7 17. Kh2 a4 18. Rf2 g6 19. Nxh6 Kxh6 20. Qxf6 Qxf6 21. Rxf6 a3 22. b3 b5 23. c5 dxc5 24. Rc6 Ra4 25. bxa4 b4 26. Rxc5 Ra8 27. Rxc7 Rxa4 28. d6 b3 29. axb3 Rxe4 30. d7 Rxe3 31. d8Q 1-0

[Event "Swiss Queens Wed #19"]
[Site "FIDE Online Arena INT"]
[Date "2024.06.05"]
[Round "11"]
[White "Nevska, Gerda"]
[Black "Zaksaite, Salomeja"]
[Result "0-1"]
[WhiteElo "1872"]
[BlackElo "2210"]
[PlyCount "62"]
[EventDate "2024.06.05"]
[EventType "swiss (blitz)"]
[EventRounds "11"]
[EventCountry "NET"]
[SourceTitle "CB24_2024"]
[SourceDate "2024.06.12"]
[SourceVersion "1"]
[SourceVersionDate "2024.06.12"]
[SourceQuality "1"]

1. e4 c5 2. Nf3 e6 3. c3 Nf6 4. e5 Nd5 5. d4 cxd4 6. cxd4 d6 7. Nc3 Nxc3 8. bxc3 Qc7 9. Qc2 Nd7 10. Bf4 dxe5 11. Nxe5 Nxe5 12. Bxe5 Qc6 13. a4 Bd7 14. Bb5 Qxg2 15. Bxd7+ Kxd7 16. 0-0-0 Ba3+ 17. Kb1 f6 18. Rhg1 Qc6 19. Rxg7+ Ke8 20. Bxf6 Bf8 21. Rg5 Rc8 22. d5 Qb6+ 23. Ka2 Be7 24. Bxe7 Kxe7 25. d6+ Kd8 26. d7 Rc4 27. Rd4 Qxd4 28. Qb3 Rxa4+ 29. Kb1 Qd3+ 30. Kc1 Ra1+ 31. Kb2 Qb1# 0-1